Interpretación y análisis de la obra literaria
में बचाया:
| मुख्य लेखक: | |
|---|---|
| स्वरूप: | पुस्तक |
| भाषा: | Undetermined |
| प्रकाशित: |
Madrid, España
Editorial Gredos
1972
|
| संस्करण: | 4 |
| विषय: | |
| टैग: |
टैग जोड़ें
कोई टैग नहीं, इस रिकॉर्ड को टैग करने वाले पहले व्यक्ति बनें!
|
MARC
| LEADER | 00000nam a2200000Ia 4500 | ||
|---|---|---|---|
| 008 | 170316s9999 xx 000 0 und d | ||
| 090 | |a 801 K-3i | ||
| 100 | |a Kayser, Wolfgang | ||
| 245 | |a Interpretación y análisis de la obra literaria | ||
| 250 | |a 4 | ||
| 260 | |a Madrid, España | ||
| 260 | |b Editorial Gredos | ||
| 260 | |c 1972 | ||
| 300 | |a 594 páginas | ||
| 650 | |a TEORÍA LITERARIA | ||
| 650 | |a ENTUSIASMO | ||
| 650 | |a ESTUDIO | ||
| 650 | |a CRÍTICA DE UN TEXTO | ||
| 650 | |a EXCURSO | ||
| 650 | |a EL ASUNTO | ||
| 650 | |a EL MOTIVO | ||
| 650 | |a TOPICO | ||
| 650 | |a EMBLEMA | ||
| 650 | |a LA FABULA | ||
| 650 | |a EL VERSO | ||
| 650 | |a FORMAS LINGÜÍSTICAS | ||
| 650 | |a LA SONORIDAD | ||
| 650 | |a ESTRATO DE LA PALABRA | ||
| 650 | |a FIGURAS RETÓRICAS | ||
| 650 | |a LA ESTROFA | ||
| 650 | |a COMPOSICIÓN POÉTICA | ||
| 650 | |a LA RIMA | ||
| 650 | |a MÉTRICA | ||
| 650 | |a HISTORIA DEL VERSO | ||
| 650 | |a EL SONIDO | ||
| 650 | |a FORMAS SINTÁCTICAS | ||
| 650 | |a MODOS | ||
| 650 | |a FORMAS DEL DISCURSO | ||
| 650 | |a LA ESTRUCTURACIÓN | ||
| 650 | |a LA LÍRICA | ||
| 650 | |a EL DRAMA | ||
| 650 | |a LA ÉPICA | ||
| 650 | |a LA TÉCNICA | ||
| 650 | |a LA SÍNTESIS | ||
| 650 | |a DILTHEY - LA TEORÍA 32. EL RITMO 33. EL ESTILO 34. EL GÈNERO - ESTRUCTURA | ||
| 650 | |a f31. DILTHEY - LA TEORÍA | ||
| 650 | |a g32. EL RITMO | ||
| 650 | |a h33. EL ESTILO | ||
| 650 | |a i34. EL GÈNERO - ESTRUCTURA | ||
| 040 | |a cru BVZT | ||
| 942 | 0 | 0 | |0 2 |
| 999 | |c 20394 |d 20394 | ||
